Producenci/firmy - RK Niedziałek - Statystyki

Ogólne statystyki
  • Ten quiz został rozwiązany 8 razy
    3 od ostatniego zresetowania
  • Średni wynik to 122 z 153
Statystyki odpowiedzi
Firma % Poprawnych
chłodnice ABAKUS
100%
tarcze ABS
100%
Wycieraczka ALCA
100%
klocki/filtry ASHIKA
100%
tarcze ATE
100%
reperaturki AUTOFREN
100%
elektryka AUTOSTARTER
100%
świece BERU
100%
sprężyny BILSTEIN
100%
filtry BLUEPRINT
100%
Chemia BOLL
100%
termostaty BORG
100%
Wycieraczka BOSCH
100%
tarcze BREMBO
100%
rolki CAFFARO
100%
Lakiernictwo CARSYSTEM
100%
Olej CASTROL
100%
AKU CENTRA
100%
świece CHAMPION
100%
Chemia CLINEX
100%
Linki COFLE
100%
paski CONTINENTAL
100%
uszczelniacze CORTECO
100%
sprężyny DACO
100%
paski DAYCO
100%
filtry DENCKERMANN
100%
świece DENSO
100%
Pompy DOLZ
100%
Olej ELF
100%
uszczelniacze ELRING
100%
czujniki EPS
100%
AKU EXIDE
100%
sworznie FEBI
100%
filtry FILTRON
100%
korki FISCHER
100%
reperaturki FRENKIT
100%
dywaniki FROGUM
100%
paski GATES
100%
Olej GM OPEL
100%
pierścienie GOETZE
100%
Lakiernictwo GOLDCAR
100%
narzędzia GRUBBER
100%
przeguby GSP
100%
Osłony przeg. HART
100%
żarówki HELLA
100%
rozrządy HEPU
100%
Wycieraczka HEYNER
100%
rozrządy INA
100%
świece ISKRA
100%
klocki/filtry JAPAN
100%
narzędzia JONNESWAY
100%
Chemia K2
100%
sprężyny KAYABA
100%
filtry KNECHT
100%
sworznie LEMFORDER
100%
Linki LINEX
100%
Olej LIQUI MOLY
100%
Osłony przeg. LOBRO
100%
Olej LOTOS
100%
linki/cylind. LPR
100%
żarówki MAGNETI MARELLI
100%
termostaty MAHLE
100%
filtry MANN
100%
Olej MANNOL
100%
łożyska MARGO
100%
tarcze MIKODA
100%
Olej MOBIL
100%
Chemia MOJE AUTO
100%
Olej MOPAR
100%
żarówka MOTOTECH
100%
Olej MOTUL
100%
żarówka NARVA
100%
żarówka NEOLUX
100%
świece NGK
100%
elektryka NRF
100%
łożyska OPTIMAL
100%
żarówka OSRAM
100%
Wycieraczka OXIMO
100%
żarówka PHILLIPS
100%
Chemia PLAK
100%
sprężyny POLCAR
100%
Tłumiki POLMOSTROW
100%
AKU PORTUM
100%
Chemia PRESTONE
100%
Olej QUALITIUM
100%
narzędzia QUATROS
100%
sprężynki QUICKBRAKE
100%
Olej RAVENOL
100%
spinki ROMIX
100%
sworznie RTS
100%
rozrządy SCHAFFLER
100%
Olej SHELL
100%
sworznie SIDEM
100%
Chemia SONAX
100%
sworznie TEKNOROT
100%
klocki TOMEX
100%
czujniki TOPRAN
100%
Olej TOTAL
100%
tarcze TRW
100%
Wycieraczka VALEO
100%
Olej VALVOLINE
100%
AKU VARTA
100%
uszczelniacze VICTOR REINZ
100%
termostaty WAHLER
100%
Tłumiki WALKER
100%
narzędzia YATO
100%
AKU YUASA
100%
tarcze ZIMMERMANN
100%
Chemia 3RG
50%
narzędzia AIRPRESS
50%
uszczelniacze AJUSA
50%
narzędzia BETA
50%
narzędzia ENERGY
50%
łożyska FAG
50%
czujniki HANS PRIES
50%
gum. przewody IMPERGOM
50%
przewody zapł. JANMOR
50%
filtry KAMOKA
50%
rozrządy KRAFT
50%
Linki LCC
50%
Sprzęgła LUK
50%
Olej MOTORCRAFT
50%
chłodnice NISSENS
50%
Olej ORLEN
50%
elektryka PIERBURG
50%
sprzęgła SACHS
50%
gumy stabiliz. SASIC
50%
łożyska SKF
50%
gum. przewody SKV
50%
łożyska SNR
50%
zawieszenie SRL
50%
Chemia STP
50%
gumy stabiliz. TEDGUM
50%
narzędzia TESAM
50%
termostaty VERNET
50%
Chemia WUNDER BAUM
50%
sworznie AISIN
0%
narzędzia AWTOOLS
0%
elektryka DELPHI
0%
czujniki FAE
0%
zestawy napr. FAI
0%
zestawy napr. FAST
0%
filtr FORD
0%
Chemia HOLTS
0%
łożyska KOYO
0%
sprężyny LESJOFORS
0%
gum. przewody METALCAUCHO
0%
sprężyny MONROE
0%
sworznie MOOG
0%
elektryka NTY
0%
sworznie OYODO
0%
klocki TEXTAR
0%
elektryka VAICO
0%
Nie znaleziono quizów pasujących do podanych kryteriów
Rozkład punktacji
Procent ludzi z każdym wynikiem
Percentyl według liczby udzielonych odpowiedzi
Twoja historia wyników
Nie rozwiązałeś tego quizu od ostatniego zresetowania